| 000 | 00757nam a2200241Ii 4500 | ||
|---|---|---|---|
| 003 | JO-AjNU | ||
| 008 | 230605s9999||||xx |||||||||||||| ||und|| | ||
| 017 | _a2003/16312 | ||
| 020 | _a977-02-6513-6 | ||
| 040 |
_aJO-AjNU _bara _erda _cJO-AjNU |
||
| 041 | _aara | ||
| 050 | 1 | 4 | _aPJ7571.D3 2003 |
| 100 | 3 |
_aضيف،شوقي, _eauthor _933728 |
|
| 245 | 0 | 0 | _aالفن ومذاهبه في النثر العربي |
| 250 | _aط 13 | ||
| 264 | 3 | 1 | _aالقاهرة:دار المعارف،2003 |
| 300 | _a398ص | ||
| 336 |
_atext _btxt _2rdacontent |
||
| 337 |
_aunmediated _bn _2rdamedia |
||
| 338 |
_avolume _bnc _2rdacarrier |
||
| 490 | 0 | _aمكتبة الدراسات الأدبية (19) | |
| 650 | 4 |
_aالنثر العربي-تاريخ ونقد _933729 |
|
| 999 |
_aA13757 _c17325 _d17325 |
||